000 00260 a2200085 4500
020 _a9789383419722
100 _aSharmin Khan , Mohd Khalid Hassan and M. Farhan Fazli
245 _aThe Majesty of Islamic Art and Architecture
260 _bCOPAL Publishing Group
_c2024
999 _c13421
_d13421